000 00432cam a2200181ua 4500
020 _c395.00
041 _aeng
_h
082 _a551.0162
_bBEL/EN
100 _aBell, F.G .
245 _aEngineering geology /
_cF.G.Bell.
_hTextual Documents
250 _a2 /
_b.
260 _aNew Delhi :
_bButterworth-Heinemann ,
_c2007.
300 _a ; .
365 _a395.00
504 _a
942 _cBK
999 _c13523
_d13523